00951nam a22002537a 4500999001500000001000600015003000900021005001700030008004100047020001800088020001500106040002800121082002200149100002700171245006600198260006700264300003000331504006600361650005200427650002900479650003100508942001200539952014600551 c1076d107619220BD-DhUAP20200202145721.0200202r20142003ii b 001 0 eng d a9780195699210 a0195699211 aDLCcDLCdBD-DhUAPbEng00223a340.5254 MEN 1 aMenski, Werner.91673010aHindu law :bbeyond tradition and modernity /cWerner Menski. aNew Delhi ;bOxford University Press,cc2003 [Reprinted 2014]. axxii, 648 pages ;c24 cm. aIncludes bibliographical references (p. [610]-639) and index. 0aHindusxLegal status, laws, etc.zIndia.916731 0aCivil lawzIndia.916732 0aHindu lawxHistory.916733 2ddccBK 00102ddc4070aUAPCLbUAPCLcGeneral Stacksd2020-02-02l1o340.5254 MENp3010019220q2025-03-29r2025-02-27s2025-02-27t1w2020-02-02yBK